000
00326nam a22001457a 4500
008
211012b ||||| |||| 00| 0 eng d
020
_a
9780883369036
041
_a
eng
080
_a
371
082
_a
371
100
_a
46
101
_a
EDU
245
_a
Laubach way to Reading Skill Book 3
_c
Laubach,F.C
942
_2
udc
_c
BK
999
_c
58175
_d
58175